Normal view
MARC view
- AUTOMATIC CONTROL ELECTRIC MOTORS, ALTERNATING CURREN ELECTRIC CONTROLLERS
Entry Topical Term
001 - CONTROL NUMBER
- control field: 77350
003 - CONTROL NUMBER IDENTIFIER
- control field: NUST
005 - DATE AND TIME OF LATEST TRANSACTION
- control field: 20210628205858.0
008 - FIXED-LENGTH DATA ELEMENTS
- fixed length control field: 210628|| aca||aabn | a|a d
040 ## - CATALOGING SOURCE
- Original cataloging agency: NUST
- Transcribing agency: NUST
150 ## - HEADING--TOPICAL TERM
- Topical term or geographic name entry element: AUTOMATIC CONTROL ELECTRIC MOTORS, ALTERNATING CURREN ELECTRIC CONTROLLERS
670 ## - SOURCE DATA FOUND
- Source citation: Work cat.: (NUST): Mcintyre, Robert.L Losee, Rex 77349, Industrial motor control fundamentals, 1990
